Patronus des personnages de Harry Potter - Statistiques

Statistiques générales
  • Ce quiz a été pris 27 fois
  • Le résultat moyen est 10 sur 15
Statistiques - réponses
Hint Réponse % Correct
Harry Cerf
100%
Severus Biche
91%
Lily Biche
91%
James Cerf
87%
Mcgonagall Chat
78%
Hermione Loutre
78%
Remus Loup
74%
Dumbledore Phénix
70%
Dolores Chat
65%
Luna Lièvre
61%
Ginny Cheval
57%
Tonks Loup
57%
Ron Jack rusell
48%
Seamus Renard
30%
KIngsley Lynx
26%
Aucun quiz correspondant
Distribution des résultats
% des personnes avec chaque résultat
Percentile par nombre de réponses
Votre historique - résultats
Vous n’avez pas pris ce quiz